| 000 | 00453nam a22001697a 4500 | ||
|---|---|---|---|
| 003 | MACL | ||
| 005 | 20160731132323.0 | ||
| 008 | 160731b xxu||||| |||| 00| 0 eng d | ||
| 040 | _cMACL | ||
| 041 | _aEnglish | ||
| 082 | _a340 BAN | ||
| 100 |
_aBangia, J.D. _965896 |
||
| 245 |
_aMadhya Pradesh Reorganisation Act, 2000 _b(No. 28 Of 2002) _cJ.D. Bangia |
||
| 260 |
_aBhopal _bSuvidha Law House _c2005 |
||
| 650 |
_aLaw _965897 |
||
| 942 |
_2ddc _cBK |
||
| 999 |
_c55402 _d55402 |
||